| 000 | 00545nam a2200205 a 4500 | ||
|---|---|---|---|
| 001 | BRCA_6521 | ||
| 005 | 20190320205504.0 | ||
| 008 | 280911s1870----gw-#######---#000-0#ger-# | ||
| 041 | _ager | ||
| 044 | _agw | ||
| 050 | 4 |
_aPT2374 _b.L5 |
|
| 100 | 1 |
_aKeller, Gottfied _d1819-1890 _916278 |
|
| 245 | 1 | 0 |
_aDie Leute von Seldwyla Erzählungen _cvon Gottfied Keller. |
| 260 |
_aLeipzig _bHesse & Becker _c[1870] |
||
| 300 |
_a2 tomos en 1 volumen _c18 cm. |
||
| 500 | _aL58 | ||
| 650 | 1 | 4 |
_aLiteratura suiza _914922 |
| 902 | _aGFM | ||
| 942 |
_2lcc _cB |
||
| 999 |
_c6205 _d6205 |
||